skbl

Dr Suryya Kumar Bhuyan Library Web-OPAC
ডঃ সূৰ্য্য
কুমাৰ ভূঞা পুথিভঁৰাল ৱেব-অ'পেক

All Research Scholars are advised to clear the annual library fees to continue using Library Resources, Remote Access, Plagiarism Test and Library Clearance.

Cotton University Book Fair 2026

A remedial english grammar for foreign students (Record no. 65989)

MARC details
000 -LEADER
fixed length control field 00456nam a2200157Ia 4500
001 - CONTROL NUMBER
control field 64889
008 - FIXED-LENGTH DATA ELEMENTS--GENERAL INFORMATION
fixed length control field 211103n ii |||gr||||Z||||||465
020 ## - INTERNATIONAL STANDARD BOOK NUMBER
International Standard Book Number 9789351380863
082 ## - DEWEY DECIMAL CLASSIFICATION NUMBER
Classification number 428.24
100 ## - MAIN ENTRY--PERSONAL NAME
Personal name Wood, Frederick,
Relator term Author.
245 #0 - TITLE STATEMENT
Title A remedial english grammar for foreign students
Statement of responsibility, etc. Frederick T Wood
Medium Textual Documents
260 ## - PUBLICATION, DISTRIBUTION, ETC.
Place of publication, distribution, etc. 2017:
Name of publisher, distributor, etc. Trinity Press,
Date of publication, distribution, etc. New Delhi.
300 ## - PHYSICAL DESCRIPTION
Extent 213p.:
Dimensions 20cm.
653 ## - INDEX TERM--UNCONTROLLED
Uncontrolled term English grammar
942 ## - ADDED ENTRY ELEMENTS (KOHA)
Source of classification or shelving scheme Dewey Decimal Classification
Koha item type Books
Holdings
Withdrawn status Lost status Damaged status Not for loan Collection Home library Current library Date acquired Source of acquisition Coded location qualifier Cost, normal purchase price Total checkouts Full call number Barcode Date last seen Copy number Price effective from Koha item type Public note
          Dr. Suryya Kumar Bhuyan Library Dr. Suryya Kumar Bhuyan Library 03/11/2021 34 00000 150.00   428.24 W941R 3214/CU/ENG 14/01/2024 1 03/11/2021 Books 34

Designed and Maintained by Team SKBL
©1901-2026

Powered by Koha